000 00759cam a22002411i 4500
001 sa 64006262
003 DLC
005 20260227112038.0
008 861007t19641963ii af b 001 0 eng
010 _asa 64006262
035 _a(OCoLC)17907908
040 _aDLC
_cMnU
_dPPT
_dOCoLC
_dDLC
042 _apremarc
050 0 0 _aDS432.T3
_bN5
100 2 _aNilakanta Sastri, K. A.
_q(Kallidaikurichi Aiyah),
_d1892-1975.
245 1 4 _aThe culture and history of the Tamils /
_cK. A. Nilakanta Sastri.
250 _a1st ed.
260 _aCalcutta :
_bK. L. Mukhopadhyay,
_c1964, c1963.
300 _avi, 181 p., [6] leaves of plates :
_bill. ;
_c23 cm.
500 _aIncludes index.
504 _aBibliography: p. [173]-174.
650 0 _aTamil (Indic people)
999 _c59595
_d59595